Nutrition and mental health : an orthomolecular approach to balancing body chemistry

Bibliographic Details
Main Author: Pfeiffer, Carl C. (Author)
Format: Book
Published: London : Thorsons , 1991
Subjects:

MARC

LEADER 00000cam a2200000 7i4500
001 0000007321
005 20021119093000.0
008 021119n
020 |a 0722524617 
090 0 0 |a RC455.5.N8   |b P4 1991 
100 0 |a Pfeiffer, Carl C. ,   |e author 
245 0 0 |a Nutrition and mental health :   |b an orthomolecular approach to balancing body chemistry   |c Carl C. Pfeiffer   |f edited by Patrick Holford 
260 2 |a London :   |b Thorsons ,   |c 1991 
300 |a 128 p. ; ;   |c 22 cm. 
501 |a Includes index 
650 0 |a Mental illness   |x Nutritional aspects 
650 0 |a Orthomolecular therapy 
999 |a 1000033488   |b Book   |c OPEN SHELF (30 DAYS)   |e Gong Badak Campus